Smart technologies for energy, environment and sustainable development : select proceedings of ICSTEESD 2018 |c Mohan Lal Kolhe, Pawan Kumar Labhasetwar, H.M. Suryawanshi, editors

Bewaard in:
Bibliografische gegevens
Formaat: Sách
Taal:Undetermined
Gepubliceerd in: Springer 2019
Onderwerpen:
Tags: Voeg label toe
Geen labels, Wees de eerste die dit record labelt!
Thư viện lưu trữ: Trung tâm Thư viện - Trường Đại học Công nghiệp TP. Hồ Chí Minh
LEADER 00566nam a2200133Ia 4500
001 UIH_00388
008 230809s9999 xx 000 0 und d
082 |a 621.042 
245 0 |a Smart technologies for energy, environment and sustainable development : select proceedings of ICSTEESD 2018 |c Mohan Lal Kolhe, Pawan Kumar Labhasetwar, H.M. Suryawanshi, editors 
260 |b Springer 
260 |c 2019 
650 |a Sustainable engineering;Sustainable development; 
927 |a Sách 
980 |a Trung tâm Thư viện - Trường Đại học Công nghiệp TP. Hồ Chí Minh